00517 2200193 4500001002100000008004100021035002000062245007100082100001200153260002800165300002600193020002200219084001400241082000800255650001500263990001500278990001500293990001500308INLIS000000000003305 ind  a0010-1225000126 aPrinsip dan Implementasi Pembelajaran MendalamcProf. Suyanto,Ph.D aD, Prof aJakartabErlanggac2025 a147 hlmc15,5 x 24 cm a978-623-522-706-1 a370 SUY p a370 aPendidikan a19781/B/26 a19782/B/26 a19783/B/26